Score 0/7 Timer 01:30
6 Plays Today
Title Actor % Correct
Superman moviesChristopher Reeve
94.7%
Man of Steel, Batman v Superman, Justice LeagueHenry Cavill
75.8%
Lois & Clark TV seriesDean Cain
67.9%
The Adventures of Superman TV seriesGeorge Reeves
59.1%
Superman ReturnsBrandon Routh
53.8%
Smallville TV seriesTom Welling
53.7%
Superman & Atom Man vs. Superman theatrical serialsKirk Alyn
8%
Come Together.
Have Fun.
All Virtual.
We all need to come together. Play Sporcle's virtual live trivia to have fun, connect with people, and get your trivia on. Join a live hosted trivia game for your favorite pub trivia experience done virtually. If a virtual private party is more your thing, go here for details.

You're not logged in!

Compare scores with friends on all Sporcle quizzes.
OR
Log In

Sporcle TV

Today on Sporcle TV


Watch our educational content, quiz creation guides, and fun videos on Sporcle TV.

Show Comments

Extras

Top Quizzes Today


Score Distribution

Paid Content

Your Account Isn't Verified!

In order to create a playlist on Sporcle, you need to verify the email address you used during registration. Go to your Sporcle Settings to finish the process.

Report this User

Report this user for behavior that violates our Community Guidelines.

Details: